|
|
|
|
| LEADER |
01917nam a22004457i 4500 |
| 001 |
34271 |
| 003 |
BD-DhAAL |
| 005 |
20211110150136.0 |
| 008 |
190702r20182015cau 000 0 eng d |
| 999 |
|
|
|c 40421
|d 40421
|
| 010 |
|
|
|a 2015473842
|
| 015 |
|
|
|a GBB499942
|2 bnb
|
| 016 |
7 |
|
|a 016868410
|2 Uk
|
| 020 |
|
|
|a 1491904224
|
| 020 |
|
|
|a 9781491904220
|
| 020 |
|
|
|a 9789352130160
|
| 035 |
|
|
|a (OCoLC)ocn880566618
|
| 040 |
|
|
|a YDXCP
|b eng
|c YDXCP
|e rda
|d OCLCQ
|d BTCTA
|d UKMGB
|d OCLCQ
|d CDX
|d EYM
|d OCLCO
|d CLE
|d LML
|d OCLCF
|d BDX
|d DLC
|d BD-DhAAL
|
| 042 |
|
|
|a lccopycat
|
| 050 |
0 |
0 |
|a QA76.73.J39
|b S557 2015
|
| 082 |
0 |
4 |
|a 005.2762
|2 23
|
| 100 |
1 |
|
|a Simpson, Kyle
|e author
|9 29921
|
| 245 |
1 |
0 |
|a Async & performance /
|c Kyle Simpson ; editors, Simon St. Laurent and Brian MacDonald
|
| 246 |
3 |
|
|a Async and performance
|
| 250 |
|
|
|a First edition.
|
| 260 |
|
|
|a Sebastopol, CA ;
|a Mumbai :
|b O'Reilly Media ;
|b Shroff Publishers and Distributors Pvt. Ltd.,
|c c2015 [reprinted 2018]
|
| 300 |
|
|
|a xii, 280 pages ;
|c 24 cm.
|
| 490 |
1 |
|
|a You don't know JS
|
| 526 |
|
|
|a CSE
|
| 541 |
|
|
|a Hay Trade International
|e 34271, 34272
|
| 650 |
|
0 |
|a JavaScript (Computer program language).
|9 29922
|
| 650 |
|
0 |
|a Application software
|x Development.
|9 29923
|
| 650 |
|
0 |
|a Computer science.
|9 42486
|
| 700 |
|
|
|a St. Laurent, Simon
|e editor
|9 29931
|
| 700 |
|
|
|a MacDonald, Brian
|e editor
|9 29932
|
| 830 |
|
|
|a You don't know JS
|9 29955
|
| 852 |
|
|
|a Ayesha Abed Library
|c General Stacks
|
| 942 |
|
|
|2 ddc
|c BK
|
| 952 |
|
|
|0 0
|1 0
|2 ddc
|4 0
|6 005_276200000000000_SIM
|7 0
|9 65011
|a BRACUL
|b BRACUL
|c GEN
|d 2019-01-31
|e Hay Trade International
|g 588.00
|l 5
|m 27
|o 005.2762 SIM
|p 3010034271
|q 2026-06-02
|r 2026-05-20
|s 2026-05-20
|t 1
|v 588.00
|w 2019-01-31
|y BK
|
| 952 |
|
|
|0 0
|1 0
|2 ddc
|4 0
|6 005_276200000000000_SIM
|7 0
|9 65012
|a BRACUL
|b BRACUL
|c GEN
|d 2019-01-31
|e Hay Trade International
|g 588.00
|l 6
|m 16
|o 005.2762 SIM
|p 3010034272
|r 2026-01-14
|s 2025-12-14
|t 2
|v 588.00
|w 2019-01-31
|y BK
|